[Event "DEN-ch Seniors"]
[Site "Aalborg"]
[Date "2023.02.19"]
[Round "7"]
[White "Lilja, Richard"]
[Black "Steffensen, Elena"]
[Result "1-0"]
[WhiteElo "2026"]
[BlackElo "2034"]
[PlyCount "55"]
[EventDate "2023.02.19"]
[EventType "swiss"]
[EventRounds "7"]
[EventCountry "DEN"]
[SourceTitle "CBM 213 Extra"]
[Source "ChessBase"]
[SourceDate "2023.05.31"]
[SourceVersion "1"]
[SourceVersionDate "2023.05.31"]
[SourceQuality "1"]

1. e4 g6 2. Nc3 Bg7 3. h4 h5 4. Bc4 d6 5. d4 Nh6 6. Nf3 Bg4 7. Bf4 Nd7 8. Qd3 c5 9. Bxh6 Bxh6 10. Ng5 Bxg5 11. hxg5 Nb6 12. f3 Nxc4 13. fxg4 Nb6 14. gxh5 c4 15. Qf3 Qd7 16. 0-0-0 gxh5 17. Rxh5 Rg8 18. Rf1 0-0-0 19. Qf4 f6 20. Qxf6 Rgf8 21. Qxf8 Rxf8 22. Rxf8+ Kc7 23. Rf5 d5 24. g6 dxe4 25. Nb5+ Kb8 26. Rf8+ Nc8 27. Rxc8+ Qxc8 28. g7 1-0

[Event "DEN-ch Seniors"]
[Site "Aalborg"]
[Date "2023.02.19"]
[Round "1"]
[White "Steffensen, Elena"]
[Black "Pilgaard, Erik"]
[Result "1-0"]
[WhiteElo "2034"]
[BlackElo "1528"]
[PlyCount "59"]
[EventDate "2023.02.19"]
[EventType "swiss"]
[EventRounds "7"]
[EventCountry "DEN"]
[SourceTitle "CBM 213 Extra"]
[Source "ChessBase"]
[SourceDate "2023.05.31"]
[SourceVersion "1"]
[SourceVersionDate "2023.05.31"]
[SourceQuality "1"]

1. e4 e5 2. Nf3 Nc6 3. Bb5 d6 4. d4 exd4 5. Nxd4 Bd7 6. Bxc6 bxc6 7. 0-0 Nf6 8. Bg5 Be7 9. Nf5 0-0 10. Nxe7+ Qxe7 11. Nc3 Qe6 12. Re1 h6 13. Bh4 Rae8 14. e5 Nd5 15. Ne4 dxe5 16. c4 Nf4 17. Nc5 Qg6 18. Bg3 Bf5 19. Qf3 Bg4 20. Qe3 Qf5 21. f3 Bh5 22. Rad1 Rd8 23. Rxd8 Rxd8 24. Qxe5 Qxe5 25. Rxe5 Rd1+ 26. Kf2 f6 27. Rf5 g5 28. Bxf4 Kf7 29. Ne4 gxf4 30. Rxh5 1-0

[Event "DEN-ch cand"]
[Site "Svendborg"]
[Date "2022.04.17"]
[Round "6"]
[White "Steffensen, Elena"]
[Black "Parra Becerra, Edgar Andre"]
[Result "0-1"]
[WhiteElo "2055"]
[BlackElo "2208"]
[PlyCount "92"]
[EventDate "2022.04.10"]
[EventType "swiss"]
[EventRounds "7"]
[EventCountry "DEN"]
[SourceTitle "CBM 207 Extra"]
[Source "ChessBase"]
[SourceDate "2022.05.31"]
[SourceVersion "1"]
[SourceVersionDate "2022.05.31"]
[SourceQuality "1"]

1. e4 c5 2. Nc3 Nc6 3. g3 g6 4. Bg2 Bg7 5. d3 d6 6. f4 e6 7. Nf3 Nge7 8. 0-0 0-0 9. Qe1 Rb8 10. g4 f5 11. gxf5 exf5 12. Qh4 Nd4 13. Nxd4 Bxd4+ 14. Kh1 Be6 15. e5 dxe5 16. fxe5 Nd5 17. Qxd8 Rfxd8 18. Nb5 a6 19. Nxd4 cxd4 20. Bg5 Rdc8 21. Rf2 Nb4 22. c3 dxc3 23. bxc3 Nxd3 24. Rd2 Rxc3 25. Rad1 Nc5 26. Be7 Kf7 27. Bd6 Rc8 28. h3 g5 29. Kh2 f4 30. Rf2 b5 31. Bf3 Kg6 32. Rg1 h6 33. h4 Re3 34. Rc1 Nd3 35. Rxc8 Bxc8 36. h5+ Kf5 37. Rc2 Be6 38. Bb7 g4 39. Rd2 g3+ 40. Kg2 Kg4 41. Bf8 f3+ 42. Bxf3+ Rxf3 43. Bxh6 Rf2+ 44. Rxf2 gxf2 45. a3 Bd5+ 46. Kf1 Kg3 0-1

[Event "DEN-ch sf"]
[Site "Svendborg"]
[Date "2020.10.16"]
[Round "5"]
[White "Steffensen, Elena"]
[Black "Hald Falkesgaard, Jeppe"]
[Result "1-0"]
[WhiteElo "2081"]
[BlackElo "1984"]
[PlyCount "87"]
[EventDate "2020.10.09"]
[EventType "swiss"]
[EventRounds "9"]
[EventCountry "DEN"]
[SourceTitle "CBM 198 Extra"]
[Source "ChessBase"]
[SourceDate "2020.11.30"]
[SourceVersion "1"]
[SourceVersionDate "2020.11.30"]
[SourceQuality "1"]

1. e4 c5 2. Nc3 Nc6 3. f4 g6 4. Nf3 Bg7 5. g3 e6 6. Bg2 Nge7 7. 0-0 0-0 8. d3 d5 9. e5 a6 10. a3 b5 11. Ne2 f6 12. exf6 Bxf6 13. c3 Nf5 14. g4 Nd6 15. Be3 Nb7 16. d4 Be7 17. Ne5 Nxe5 18. fxe5 Na5 19. Nf4 Nc4 20. Bc1 b4 21. axb4 cxb4 22. b3 Na5 23. c4 g5 24. Nxd5 Rxf1+ 25. Qxf1 exd5 26. Bxd5+ Kh8 27. Rxa5 Rb8 28. Ra2 Bxg4 29. Be3 Qd7 30. Rxa6 Bh3 31. Qf3 g4 32. Qf7 Rf8 33. Ra8 Rxa8 34. Bxa8 Qa7 35. Qe8+ Kg7 36. Qa4 Qb8 37. Qa6 Kh8 38. Bg2 Qf8 39. Qa8 Bd8 40. Bxh3 gxh3 41. Bg5 Be7 42. Qxf8+ Bxf8 43. d5 Kg7 44. d6 1-0

[Event "Olympiad Women-34"]
[Site "Istanbul"]
[Date "2000.10.28"]
[Round "1.3"]
[White "Wagener, Anna"]
[Black "Steffensen, Elena"]
[Result "1/2-1/2"]
[WhiteElo "2223"]
[BlackElo "2068"]
[PlyCount "96"]
[EventDate "2000.10.28"]
[EventType "team-swiss"]
[EventRounds "14"]
[EventCountry "TUR"]
[SourceTitle "EXT 2001"]
[Source "ChessBase"]
[SourceDate "2000.11.22"]
[SourceVersion "1"]
[SourceVersionDate "2000.11.22"]
[SourceQuality "1"]
[WhiteTeam "Moldova (W)"]
[BlackTeam "Denmark (W)"]
[WhiteTeamCountry "MDA"]
[BlackTeamCountry "DEN"]

1. e4 g6 2. d4 Bg7 3. Nc3 c6 4. f4 d5 5. e5 h5 6. Nf3 Bg4 7. h3 Bxf3 8. Qxf3 e6 9. g3 Nh6 10. Be3 Nd7 11. 0-0-0 Nf5 12. Bf2 Qa5 13. g4 Ne7 14. Bd3 0-0-0 15. f5 c5 16. fxe6 fxe6 17. Qf7 Bh6+ 18. Kb1 Nc6 19. Qxe6 cxd4 20. Nb5 Nb4 21. a3 Nxd3 22. Nd6+ Kb8 23. Rxd3 Be3 24. Bxe3 dxe3 25. Rxe3 d4 26. Re2 Qa6 27. Rhe1 hxg4 28. Qxg4 d3 29. cxd3 Qxd3+ 30. Ka1 Nxe5 31. Rxe5 Qxd6 32. Re6 Qd2 33. Qg3+ Ka8 34. Re7 a6 35. h4 Rd7 36. R7e6 Qd4 37. Qg2 Ka7 38. R6e4 Qb6 39. Rb4 Qf6 40. Qg1+ Ka8 41. Qg4 Rhd8 42. Qe4 Qf7 43. Qc4 Rd1+ 44. Rxd1 Rxd1+ 45. Ka2 Qxc4+ 46. Rxc4 Ka7 47. Kb3 Rg1 48. Kc3 g5 1/2-1/2

[Event "Hammershoj (Women)"]
[Site "Hammershoj"]
[Date "2000.02.20"]
[Round "9"]
[White "Sikorova, Olga"]
[Black "Steffensen, Elena"]
[Result "1/2-1/2"]
[WhiteElo "2195"]
[BlackElo "2075"]
[PlyCount "49"]
[EventDate "2000.02.12"]
[EventType "tourn"]
[EventRounds "9"]
[EventCountry "DEN"]
[SourceTitle "CBM 074 Extra"]
[Source "ChessBase"]
[SourceDate "2000.03.10"]
[SourceVersion "2"]
[SourceVersionDate "2000.03.10"]
[SourceQuality "1"]

1. e4 g6 2. d4 Bg7 3. Nc3 c6 4. Be3 d5 5. exd5 cxd5 6. Nf3 Nc6 7. Bb5 a6 8. Ba4 b5 9. Bb3 e6 10. Qd2 Bb7 11. h4 h5 12. Bg5 Qd7 13. 0-0-0 Nge7 14. Qf4 f6 15. Rhe1 fxg5 16. Nxg5 Rf8 17. Qe3 Bh6 18. Rd2 Bxg5 19. Qxg5 0-0-0 20. f3 Nf5 21. Qxg6 Nfxd4 22. Qxh5 Qf7 23. Qg4 Qf4 24. Qh3 Ba8 25. Nd1 1/2-1/2

[Event "Hammershoj (Women)"]
[Site "Hammershoj"]
[Date "2000.02.17"]
[Round "6"]
[White "Steffensen, Elena"]
[Black "Kryger, Oksana"]
[Result "0-1"]
[WhiteElo "2075"]
[BlackElo "2081"]
[PlyCount "158"]
[EventDate "2000.02.12"]
[EventType "tourn"]
[EventRounds "9"]
[EventCountry "DEN"]
[SourceTitle "CBM 074 Extra"]
[Source "ChessBase"]
[SourceDate "2000.03.10"]
[SourceVersion "2"]
[SourceVersionDate "2000.03.10"]
[SourceQuality "1"]

1. e4 e6 2. Nc3 d5 3. Nf3 Nf6 4. e5 Nfd7 5. d4 c5 6. dxc5 Nc6 7. Bf4 Bxc5 8. Bd3 f6 9. exf6 Nxf6 10. 0-0 0-0 11. Bg3 a6 12. Re1 Bd7 13. a3 Rc8 14. Qe2 Nd4 15. Nxd4 Bxd4 16. Rad1 Qb6 17. Rd2 Qxb2 18. Nd1 Qb6 19. c3 Bxc3 20. Nxc3 Rxc3 21. Be5 Rxa3 22. Rb1 Rb3 23. Rxb3 Qxb3 24. Rb2 Qa3 25. h3 Bc6 26. Bd4 Qd6 27. Qe3 Rf7 28. Be5 Qe7 29. Rb6 Nd7 30. Rb2 Nxe5 31. Qxe5 Qf6 32. Qe2 e5 33. f3 e4 34. fxe4 Qd4+ 35. Kh1 dxe4 36. Bc4 Bd5 37. Bxd5 Qxd5 38. Rd2 Qe6 39. Rd4 e3 40. Rd3 Rf2 41. Rd8+ Rf8 42. Rxf8+ Kxf8 43. Qf3+ Qf7 44. Qxe3 Kg8 45. Qe5 h6 46. Qd6 Kh7 47. h4 Qg6 48. Qd5 b5 49. h5 Qb1+ 50. Kh2 a5 51. g4 a4 52. g5 hxg5 53. h6 Kxh6 54. Qc6+ Kh7 55. Qe8 Qb2+ 56. Kg3 Qf6 57. Qe4+ Kg8 58. Qe8+ Qf8 59. Qxb5 Qf4+ 60. Kg2 Qe4+ 61. Kf2 g4 62. Qb8+ Kh7 63. Qh2+ Kg6 64. Qd6+ Kh5 65. Qc5+ g5 66. Qc8 Qf4+ 67. Kg2 Qf3+ 68. Kg1 Qe3+ 69. Kg2 Qe2+ 70. Kg1 Qd1+ 71. Kg2 Qd2+ 72. Kg3 Qe3+ 73. Kg2 g3 74. Qh8+ Kg4 75. Qc8+ Kf4 76. Qf8+ Ke4 77. Qe8+ Kd3 78. Qb5+ Kc3 79. Qxa4 Qf2+ 0-1

[Event "Hammershoj (Women)"]
[Site "Hammershoj"]
[Date "2000.02.16"]
[Round "5"]
[White "Lauterbach, Ingrid"]
[Black "Steffensen, Elena"]
[Result "1-0"]
[WhiteElo "2182"]
[BlackElo "2075"]
[PlyCount "129"]
[EventDate "2000.02.12"]
[EventType "tourn"]
[EventRounds "9"]
[EventCountry "DEN"]
[SourceTitle "CBM 074 Extra"]
[Source "ChessBase"]
[SourceDate "2000.03.10"]
[SourceVersion "2"]
[SourceVersionDate "2000.03.10"]
[SourceQuality "1"]

1. e4 g6 2. d3 Bg7 3. g3 e5 4. Bg2 Ne7 5. c3 c6 6. Nf3 d5 7. Nbd2 0-0 8. 0-0 Na6 9. Qe2 dxe4 10. dxe4 Qc7 11. b3 b6 12. Ba3 Bb7 13. Nc4 c5 14. Rad1 Rad8 15. Ne3 Nb8 16. Qc2 Rxd1 17. Rxd1 Rd8 18. Ne1 Rxd1 19. Qxd1 Qd7 20. Nd5 Nxd5 21. exd5 e4 22. c4 f5 23. Qe2 Ba6 24. Qe3 Qd6 25. Nc2 Nd7 26. f3 b5 27. fxe4 bxc4 28. exf5 cxb3 29. axb3 Qe5 30. Qxe5 Bxe5 31. fxg6 hxg6 32. Bh3 Bd3 33. Bxd7 Bxc2 34. Be6+ Kg7 35. Bxc5 Bxb3 36. Bxa7 Kf6 37. Kf2 Bb2 38. Ke3 Ke5 39. Bb8+ Kf6 40. Bc7 g5 41. Kd3 Ba2 42. Ba5 Ke5 43. Bc7+ Kf6 44. Bd8+ Kg6 45. Bb6 Bb1+ 46. Kc4 Be5 47. Kc5 Ba2 48. Bg4 Bxd5 49. Kxd5 Bb2 50. Ke4 Bc1 51. Bf5+ Kh5 52. h3 Bd2 53. Bf2 Bb4 54. g4+ Kh6 55. Be3 Be1 56. Bd7 Kg6 57. Be8+ Kf6 58. Bd4+ Ke7 59. Bb5 Kf7 60. Kf5 Kg8 61. Kxg5 Ba5 62. Kg6 Bd8 63. Bc4+ Kf8 64. Bg7+ Ke8 65. Bf7+ 1-0